Open Data Biblioteca Nacional de Portugal


República Portuguesa: Ministério da Cultura
Biblioteca Nacional de Portugal

Catálogo da BNP: acesso por Identificadores Unívocos
Registos Bibliográficos associados ao registo de autoridade

Etiqueta de registo: 00254nam 2200025 450
001 2283390
003 http://id.bnportugal.gov.pt/bib/catbnp/2283390
100 ## $a20260401d2025 k y0pory01030103ba
101 0# $apor$deng
102 ## $aPT
105 ## $ay m 000yy
106 ## $ar
200 1# $aAntero de Quental em Vila do Conde$e um autor global e atual$fAna Catarina Vasques Rodrigues Mesquita$gorient. Maria do Rosário Lupi Belo, Isabel Ponce de Leão
210 #9 $a[S.l.$cs.n.],$d2025
215 ## $aX, 200 p.$d30 cm
328 #1 $aTese dout. Estudos Globais (Área de Humanidades e Ciências Sociais), Universidade Aberta, 2025
675 ## $a821.134.3-1Quental, Antero de.09(043)$vBN$zpor$31616316
700 #1 $aMesquita,$bAna Catarina Vasques Rodrigues$31994462
702 #1 $aBelo,$bMaria do Rosário Leitão Lupi,$f1963-$4727$31145562
702 #1 $aLeão,$bIsabel Vaz Ponce de,$f1953-$4727$3925962
801 #0 $aPT$bBN$gRPC
966 ## $lBN$mFGMON$sL. 181509 V.$x1
971 ## $cabrito$d20260401
972 ## $e0$z0$d20260429$vasantos
973 ## $cigoulao$d20260423

OpendataBNP@bnportugal.pt | Mais informação sobre acesso aos dados BNP